000 00675nam a22002057a 4500
999 _c4196
_d4196
003 AR-CdUCM
008 190308b ||||| |||| 00| 0 esp d
020 _aISBN
040 _aMUNICIPALIDAD PROVINCIAL DEL CUSCO
_cBIBLIOTECA MUNICIPAL DEL CUSCO
082 _a840.909 /
_bP53
100 _aPicon, Gaetan
_913292
245 _aPanorama de la literatura francesa actual /
_cGaetan Picon
260 _aMadrid :
_bGuadarrama
_c1958.
300 _a516 paginas ;
_c21 cm.
500 _aLo tradujo al castellano Juan Gich. hasta 1957.
_zDonación de la familia Luis Nieto.
650 _aLiteratura francesa
_9913
650 _aSiglo XX
_98
942 _2ddc
_cLIBROS
945 _aacrt